[Event "Mediterranean Open"]
[Site "Rijeka CRO"]
[Date "2008.12.01"]
[Round "4"]
[White "Zaja,I"]
[Black "Lasinskas,P"]
[Result "1-0"]
[WhiteElo "2461"]
[BlackElo "2275"]

1.d4 Nf6 2.c4 e6 3.Nf3 Bb4+ 4.Bd2 a5 5.g3 b6 6.Bg2 Bb7 7.O-O Bxd2 8.Qxd2 d6
9.Nc3 Ne4 10.Nxe4 Bxe4 11.Qf4 Bxf3 12.Bxf3 Ra7 13.c5 bxc5 14.dxc5 d5 15.e4 c6
16.exd5 cxd5 17.Bd1 O-O 18.Ba4 Qc7 19.Rac1 Nc6 20.Qd6 Nb4 21.a3 Nd3 22.Rc2 Rc8
23.Qxc7 Raxc7 24.c6 Rb8 25.f4 e5 26.fxe5 Nxe5 27.Rc5 Nc4 28.Re1 f6 29.Rxd5 Ne5
30.Rb1 Kf7 31.b4 Ke7 32.Rxa5 Nc4 33.Rc5 Nxa3 34.Rb3 Kd6 35.Rd3+ Ke7 36.b5  1-0

[Event "Mediterranean Open"]
[Site "Rijeka CRO"]
[Date "2008.12.04"]
[Round "7"]
[White "Cvitan,O"]
[Black "Javakhishvili,L"]
[Result "1/2-1/2"]
[WhiteElo "2541"]
[BlackElo "2473"]

1.c4 e6 2.Nf3 Nf6 3.d4 Bb4+ 4.Bd2 Bxd2+ 5.Qxd2 d5 6.Nc3 O-O 7.e3 Qe7 8.Bd3 dxc4
9.Bxc4 c5 10.O-O Nbd7 11.Rfd1 Nb6 12.Be2 Rd8 13.Qc2 Bd7 14.dxc5  1/2-1/2

[Event "III Open"]
[Site "Palma de Mallorca ESP"]
[Date "2008.12.06"]
[Round "1"]
[White "Ramon Sanchez Campins,P"]
[Black "Khantuev,A"]
[Result "0-1"]
[WhiteElo "1780"]
[BlackElo "2349"]

1.d4 Nf6 2.Nf3 e6 3.c4 Bb4+ 4.Bd2 Qe7 5.Qb3 a5 6.a3 Bxd2+ 7.Nbxd2 a4 8.Qc2 d6
9.e3 O-O 10.Bd3 e5 11.O-O Re8 12.dxe5 dxe5 13.Ng5 h6 14.Nge4 Nxe4 15.Nxe4 Nd7
16.Ng3 Nc5 17.Bf5 e4 18.Bxc8 Raxc8 19.Rad1 Rcd8 20.Rd4 Rxd4 21.exd4 Nb3 22.Re1 Nxd4
23.Qxe4 Qxe4 24.Rxe4 Rd8 25.Nf1 Nb3 26.f3 Rd1 27.Kf2 Nc5 28.Re8+ Kh7 29.Re7 Nd3+
30.Kg1 Nxb2 31.Rxc7 b6 32.Kf2 Ra1 33.Ne3 Rxa3 34.Rxf7 Nd3+ 35.Ke2 Ne5 36.Rc7 Ra2+
37.Kd1 a3 38.Nc2 Rb2 39.Nxa3 Rxg2 40.f4 Ng4 41.h3 Nf2+ 42.Ke2 Nxh3+ 43.Kf3 Rg6
44.Ke4 Re6+ 45.Kd5 Nxf4+ 46.Kd4 h5 47.Nc2 Re2 48.Kc3 h4 49.Nd4 Re3+ 50.Kb4 Re4
51.Nf5 Nd5+  0-1

[Event "III Open"]
[Site "Palma de Mallorca ESP"]
[Date "2008.12.11"]
[Round "6"]
[White "Rodriguez Lopez,Ra"]
[Black "Tallo Dominguez,I"]
[Result "0-1"]
[WhiteElo "2335"]
[BlackElo "2125"]

1.d4 Nf6 2.Nf3 e6 3.c4 Bb4+ 4.Bd2 c5 5.g3 O-O 6.Bg2 d6 7.O-O Nc6 8.Bc1 cxd4
9.Nxd4 Nxd4 10.Qxd4 Bc5 11.Qd3 Ng4 12.e3 Ne5 13.Qe2 f5 14.Nc3 a6 15.b3 Qc7
16.h3 Bd7 17.f4 Ng6 18.Kh2 Bc6 19.e4 Rae8 20.Bb2 e5 21.fxe5 f4 22.Nd5 Bxd5
23.exd5 dxe5 24.Be4 fxg3+ 25.Kxg3 Nf4 26.Qc2 Qd7 27.Rh1 Nh5+  0-1

[Event "ch-RUS w Superfinal"]
[Site "Moscow RUS"]
[Date "2008.12.13"]
[Round "8"]
[White "Ovod,E"]
[Black "Bodnaruk,A"]
[Result "1/2-1/2"]
[WhiteElo "2429"]
[BlackElo "2381"]

1.d4 Nf6 2.c4 e6 3.Nf3 Bb4+ 4.Bd2 Qe7 5.Nc3 Nc6 6.e3 Bxc3 7.Bxc3 Ne4 8.Rc1 d6
9.Qc2 Nxc3 10.Qxc3 O-O 11.c5 Bd7 12.b4 a6 13.Bc4 b5 14.Bb3 a5 15.a3 d5 16.O-O f5
17.Nd2 g5 18.Bc2 a4 19.Qd3 Qg7 20.Nb1 Ne7 21.Nc3 c6 22.f4 g4 23.g3 h5 24.Kf2 h4
25.Rg1 Kf7 26.Rcf1 Rh8 27.Rg2 hxg3+ 28.hxg3 Rh3 29.Ke1 Ng8 30.Qe2 Nf6 31.Qf2  1/2-1/2

[Event "15th Croatian Open A"]
[Site "Zadar CRO"]
[Date "2008.12.15"]
[Round "3"]
[White "Slamar,V"]
[Black "Dimitrov,Pa"]
[Result "0-1"]
[WhiteElo "2242"]
[BlackElo "2404"]

1.d4 Nf6 2.c4 e6 3.Nf3 Bb4+ 4.Bd2 a5 5.g3 d6 6.Bg2 Nc6 7.O-O O-O 8.a3 Bxd2
9.Nbxd2 a4 10.Qc2 Re8 11.e4 e5 12.d5 Ne7 13.Ne1 c6 14.Nd3 b5 15.dxc6 Nxc6
16.cxb5 Nd4 17.Qd1 Bd7 18.Re1 Bxb5 19.Nb4 Qb6 20.Rc1 Rac8 21.Rxc8 Rxc8 22.Nb1 Be2
23.Qxa4 Ng4 24.Nd2 Nf3+ 25.Nxf3 Qxf2+ 26.Kh1 Bxf3  0-1

[Event "XXI Carlos Torre"]
[Site "Merida MEX"]
[Date "2008.12.16"]
[Round "6"]
[White "Hernandez Carmenates,Hold"]
[Black "Quezada Perez,Y"]
[Result "1/2-1/2"]
[WhiteElo "2580"]
[BlackElo "2580"]

1.d4 Nf6 2.c4 e6 3.Nf3 Bb4+ 4.Bd2 Qe7 5.e3 O-O 6.Bxb4 Qxb4+ 7.Qd2 Qxd2+ 8.Nbxd2 d6
9.Bd3 Nbd7 10.Rc1 b6  1/2-1/2

[Event "XXI Carlos Torre KO"]
[Site "Merida MEX"]
[Date "2008.12.18"]
[Round "2.2"]
[White "Gonzalez Zamora,J"]
[Black "Quezada Perez,Y"]
[Result "0-1"]
[WhiteElo "2568"]
[BlackElo "2580"]

1.d4 Nf6 2.c4 e6 3.Nf3 Bb4+ 4.Bd2 c5 5.Bxb4 cxb4 6.g3 O-O 7.Bg2 d6 8.O-O a5
9.a3 Na6 10.axb4 Nxb4 11.Nc3 b6 12.Ne1 d5 13.Nc2 Ba6 14.cxd5 Nbxd5 15.Nxd5 exd5
16.Qd2 Qd7 17.Rfc1 Qb5 18.Bf3 Rac8 19.b4 a4 20.Na3 Qd7 21.Qb2 Bb5 22.e3 Bd3
23.Qd2 Qf5 24.Bg2 Ne4 25.Qxd3 Qxf2+ 26.Kh1 Rxc1+ 27.Rxc1 Qb2 28.Rf1 Nf2+
29.Rxf2 Qxf2 30.Bxd5 Re8 31.e4 Rd8 32.b5 Rd6 33.Nc4 Rh6 34.h4 Rg6 35.Qe3 Qf1+
36.Qg1 Qxg1+ 37.Kxg1 a3 38.Ne5 Rxg3+ 39.Kf2 Rc3 40.Bxf7+ Kf8 41.Bd5 Ke8 42.Ke2 a2
43.Bxa2 Rc2+ 44.Kd3 Rxa2 45.Nc4 h5 46.Nd6+ Kf8 47.e5 g5 48.Nf5 Rf2 49.Ne3 gxh4
50.Nd1 Ra2  0-1

[Event "15th Croatian Open A"]
[Site "Zadar CRO"]
[Date "2008.12.18"]
[Round "7"]
[White "Cvitan,O"]
[Black "Kurajica,B"]
[Result "1/2-1/2"]
[WhiteElo "2541"]
[BlackElo "2540"]

1.d4 e6 2.c4 Nf6 3.Nf3 Bb4+ 4.Bd2 a5 5.Nc3 d5 6.e3 O-O 7.Bd3 b6 8.O-O Bb7
9.cxd5 exd5 10.a3 Bxc3 11.Bxc3 Ne4 12.Qc2  1/2-1/2

[Event "15th Croatian Open A"]
[Site "Zadar CRO"]
[Date "2008.12.18"]
[Round "7"]
[White "Biliskov,V"]
[Black "Kristovic,M"]
[Result "1/2-1/2"]
[WhiteElo "2295"]
[BlackElo "2337"]

1.d4 Nf6 2.Nf3 e6 3.c4 Bb4+ 4.Bd2 Qe7 5.g3 b6 6.Bg2 Bb7 7.O-O Bxd2 8.Qxd2 d6
9.Nc3 Ne4 10.Qc2 Nxc3 11.Qxc3 Nd7 12.d5 e5 13.e4 a5 14.Nh4 g5 15.Nf5 Qf6
16.b3 Bc8 17.Rae1 Nf8 18.f4 gxf4 19.Rxf4 Ng6 20.Rf2 Bxf5 21.Rxf5 Qg7 22.Ref1 Rf8
23.a3 f6 24.Qf3 Ke7 25.Kh1 Rf7 26.Bh3 Rg8 27.b4 axb4 28.axb4 Ra8 29.c5 bxc5
30.bxc5 Qh8 31.cxd6+ cxd6 32.Qg4 Nf8 33.R5f2 h5 34.Qf5 Qh7 35.Rb2 Qxf5 36.Bxf5 Ra7
37.Rc1 Nd7 38.Rc8 Rf8 39.Rxf8 Kxf8 40.Kg2 Nc5 41.Kh3 Ra4 42.Kh4 Nxe4 43.Kxh5 Nc3
44.Be6 Rd4 45.Kg6 Nxd5 46.Bxd5 Rxd5 47.Kxf6 Kg8 48.Kg6 Kf8 49.h4 e4 50.Kf6 Re5
51.h5 Re8 52.h6 Kg8 53.g4 e3 54.Re2 d5 55.g5 d4 56.g6 Rf8+ 57.Kg5 Rf2 58.Re1 Rg2+
59.Kf6 Rf2+ 60.Kg5 Rg2+ 61.Kf6 Rf2+  1/2-1/2

[Event "TCh-ISR 2008-9"]
[Site "Israel ISR"]
[Date "2008.12.19"]
[Round "3"]
[White "Shvidler,E"]
[Black "Kosashvili,Y"]
[Result "1/2-1/2"]
[WhiteElo "2413"]
[BlackElo "2522"]

1.d4 Nf6 2.Nf3 e6 3.c4 Bb4+ 4.Bd2 c5 5.e3 O-O 6.Bxb4 cxb4 7.a3 Qa5 8.Nbd2 d6
9.Be2 Nc6 10.O-O Qc7 11.Qb1 bxa3 12.Rxa3 a5 13.Rc1 e5 14.c5 dxc5 15.dxc5 Bg4
16.Ne4 Nxe4 17.Qxe4 Bh5 18.Qc4 Qe7 19.Nd2 Bxe2 20.Qxe2 e4 21.Qc4 Rfe8 22.Nb3 Qf6
23.Qc3 Qxc3 24.bxc3 Red8 25.Ra4 f5 26.Nd4 Rd5 27.Nb3 g6 28.h3 Rd3 29.Nd4 Ne5
30.Nb3 Nd7 31.Rxa5 Rxa5 32.Nxa5 Nxc5 33.Rb1 Rxc3 34.Nxb7 Nd3 35.Nd8 Rc2 36.Rf1 Kg7
37.Ne6+ Kf6 38.Nd4 Ra2 39.f3 exf3 40.Nxf3 Re2 41.Rb1 Rxe3 42.Rb6+ Kg7 43.Rb7+ Kh6
44.h4 Ne5 45.Nxe5 Rxe5 46.Kf2 Re8 47.Kf3 Re4 48.g3 Ra4 49.Rc7 Ra3+ 50.Kf4 Ra1
51.Kf3 Rf1+ 52.Ke2 Ra1 53.Kf3  1/2-1/2

[Event "Masters"]
[Site "Berkeley USA"]
[Date "2008.12.22"]
[Round "9"]
[White "Zenyuk,I"]
[Black "Kacheishvili,G"]
[Result "0-1"]
[WhiteElo "2237"]
[BlackElo "2572"]

1.d4 Nf6 2.Nf3 e6 3.c4 Bb4+ 4.Bd2 Qe7 5.g3 O-O 6.Nc3 b6 7.Bg2 Bb7 8.O-O Bxc3
9.Bxc3 Be4 10.Bh3 d6 11.Nd2 Bb7 12.Qc2 c5 13.Rad1 Nbd7 14.b3 Rfd8 15.e4 cxd4
16.Bxd4 e5 17.Be3 Nc5 18.f3 Bc8 19.Bxc8 Raxc8 20.Qb2 a6 21.a4 h6 22.Nb1 b5
23.axb5 axb5 24.Bxc5 Rxc5 25.cxb5 Rxb5 26.Rd3 Rdb8 27.Na3 Rb4 28.Nc2 R4b6
29.Ne3 Qe6 30.Qd2 Ne8 31.Nf5 Rxb3 32.Rxb3 Rxb3 33.Qd5 Kf8 34.Rd1 Qxd5 35.Rxd5 Rxf3
36.Kg2 Rb3 37.Nxd6 Nxd6 38.Rxd6 Re3 39.Rd5 f6 40.Rd7 h5 41.h3 Rxe4 42.Kf3 Ra4
43.g4 Ra3+ 44.Ke4 Rxh3 45.g5 Rg3 46.gxf6 gxf6 47.Kf5 Rf3+  0-1

[Event "1st Asian Clubs"]
[Site "Al Ain UAE"]
[Date "2008.12.25"]
[Round "1"]
[White "Annurudha,G"]
[Black "Karthikeyan,P"]
[Result "0-1"]
[WhiteElo "2212"]
[BlackElo "2426"]

1.d4 Nf6 2.c4 e6 3.Nf3 Bb4+ 4.Bd2 a5 5.g3 b6 6.Bg2 O-O 7.O-O Ba6 8.Qc2 d5
9.Bxb4 axb4 10.cxd5 exd5 11.Rc1 Ra7 12.e3 Qe7 13.Nbd2 Nbd7 14.Nb3 Bb5 15.Qf5 c5
16.Ne5 g6 17.Qg5 h6 18.Qf4 Nxe5 19.dxe5 Nh5 20.Qxh6 Qxe5 21.Rd1 Nf6 22.Qf4 Qxf4
23.gxf4 Rfa8 24.Nc1 Bc6 25.Rb1 c4 26.Rd4 b5 27.b3 Rb8 28.Rb2 Kf8 29.Rbd2 Ke7
30.f3 Kd6 31.bxc4 bxc4 32.Rxc4 Bd7 33.Rcd4 Rc7 34.Nd3 Rc4 35.Rxc4 dxc4 36.Ne5+ Ke7
37.Nxc4 Be6 38.Ne5 Rc8 39.Kf2 Nd5 40.Nd3 Rd8 41.Rb2 Nc3 42.Rd2 Nxa2 43.Rxa2 Rxd3
44.Ra7+ Kd6 45.Rb7 Rd2+ 46.Kg3 b3 47.f5 gxf5 48.Bh3 Ke5 49.Rb5+ Kf6 50.Kf4 Rxh2
51.Bxf5 b2 52.Bxe6 Kxe6 53.Ke4 Rd2 54.Rb6+ Kd7 55.Ke5 Kc7 56.Rb3 Kc6 57.f4 Rd5+
58.Kf6 Rb5 59.Rxb2 Rxb2 60.Kxf7 Kd5  0-1

[Event "1st Asian Clubs"]
[Site "Al Ain UAE"]
[Date "2008.12.27"]
[Round "3"]
[White "Amanov,M"]
[Black "Weerawardane,R"]
[Result "1-0"]
[WhiteElo "2357"]
[BlackElo "2127"]

1.d4 Nf6 2.Nf3 e6 3.c4 Bb4+ 4.Bd2 Qe7 5.Qc2 Bxd2+ 6.Nbxd2 d6 7.e3 Nc6 8.Bd3 O-O
9.a3 e5 10.d5 Nd8 11.O-O g6 12.Rfc1 b6 13.b4 Nb7 14.e4 Nh5 15.c5 bxc5 16.Ba6 Nf4
17.g3 Nh3+ 18.Kg2 Qd7 19.Bxb7 Bxb7 20.bxc5 Qg4 21.cxd6 cxd6 22.Qc7 Nf4+ 23.Kh1 Nd3
24.Qxb7 Nxc1 25.Rxc1 Rac8 26.Rxc8 Rxc8 27.Kg2 Rf8 28.Qxa7 f5 29.Qd7 Qh5 30.Qxd6 fxe4
31.Qe6+ Kg7 32.Qxe5+ Qxe5 33.Nxe5 Rd8 34.Nxe4 Rxd5 35.Nc4  1-0

[Event "Open A"]
[Site "Groningen NED"]
[Date "2008.12.27"]
[Round "6"]
[White "Gagunashvili,M"]
[Black "Van den Doel,E"]
[Result "1/2-1/2"]
[WhiteElo "2576"]
[BlackElo "2570"]

1.d4 Nf6 2.c4 e6 3.Nf3 Bb4+ 4.Bd2 c5 5.Bxb4 cxb4 6.a3 bxa3 7.Nxa3 O-O 8.e3 d6
9.Be2 Nc6 10.O-O e5 11.Nb5 a6 12.Nc3 Bf5 13.Qb3 exd4 14.Nxd4 Nxd4 15.exd4 Qc7
16.Rfc1 Rae8 17.Bf3  1/2-1/2

[Event "5th Open"]
[Site "Vandoeuvre les Nancy FRA"]
[Date "2008.12.28"]
[Round "5"]
[White "Amigues,E"]
[Black "Riff,JN"]
[Result "1/2-1/2"]
[WhiteElo "2355"]
[BlackElo "2512"]

1.d4 Nf6 2.c4 e6 3.Nf3 Bb4+ 4.Bd2 Qe7 5.g3 Nc6 6.Bg2 Bxd2+ 7.Nbxd2 a5 8.O-O O-O
9.e4 e5 10.d5 Nb4  1/2-1/2

[Event "1st Asian Clubs"]
[Site "Al Ain UAE"]
[Date "2008.12.29"]
[Round "5"]
[White "Dao Thien Hai"]
[Black "Ghaem Maghami,E"]
[Result "1/2-1/2"]
[WhiteElo "2510"]
[BlackElo "2599"]

1.d4 Nf6 2.c4 e6 3.Nf3 Bb4+ 4.Bd2 a5 5.a3 Bxd2+ 6.Nbxd2 d6 7.Qc2 Qe7 8.e3 e5
9.Bd3 O-O 10.O-O Re8 11.dxe5 dxe5 12.Ng5 h6 13.Nge4 Nxe4 14.Nxe4 Be6 15.Nc3 Nd7
16.Be2 Nb6 17.Na4 Nxa4 18.Qxa4 Qc5 19.Rfd1 Red8 20.h3 c6 21.Rxd8+ Rxd8 22.Rd1 Qb6
23.Rxd8+ Qxd8 24.Qc2 c5 25.Qc3 Qc7 26.Bf3 b6 27.Qd3 Qd7 28.Qxd7 Bxd7 29.Kf1 Be6
30.Be2 e4 31.Ke1 g5 32.Kd2 Kg7 33.Kc3 f5 34.Bd1 Kf6 35.Be2 Ke5 36.Bd1 Bf7
37.Be2 h5 38.g3 h4 39.gxh4 gxh4 40.a4 Be6 41.b3 f4 42.Bf1 Bf7 43.Be2 Be6
44.Bf1 Bd7 45.Kc2 Be8 46.Be2 Bd7  1/2-1/2

[Event "1st Asian Clubs"]
[Site "Al Ain UAE"]
[Date "2008.12.30"]
[Round "6"]
[White "Atia,J"]
[Black "Hussein,HA"]
[Result "0-1"]
[WhiteElo "2200"]
[BlackElo "2354"]

1.d4 e6 2.c4 Nf6 3.Nf3 Bb4+ 4.Bd2 c5 5.e3 O-O 6.Nc3 cxd4 7.exd4 b6 8.a3 Be7
9.b4 d6 10.Be2 Bb7 11.O-O Nbd7 12.Bf4 a6 13.Qb3 Ra7 14.Rfd1 Qa8 15.h3 Rc8
16.Rac1 Ne4 17.Ne1 Nxc3 18.Qxc3 a5 19.Qg3 Nf6 20.b5 Qb8 21.Qe3 Ba8 22.g4 Rac7
23.a4 Bf8 24.g5 Nd7 25.Qg3 e5 26.dxe5 Nxe5 27.Bxe5 dxe5 28.Qxe5 Re8 29.Qb2 Rce7
30.Bf1 Qb7 31.Ng2 Qf3 32.Rd3 Qf5 33.Rg3 Re5 34.Ne3 Rxe3 35.fxe3 Bc5 36.Rc3 Bd6
37.Rg4 Bf3 38.Bg2 Bxg4 39.hxg4 Qxg4 40.Qd2 Bc5 41.Qe2 Qxg5 42.Qf3 Rxe3  0-1

[Event "1st Asian Clubs"]
[Site "Al Ain UAE"]
[Date "2008.12.30"]
[Round "6"]
[White "Al Aqrabi,S"]
[Black "El Gindy,E"]
[Result "0-1"]
[WhiteElo "2211"]
[BlackElo "2526"]

1.d4 Nf6 2.Nf3 e6 3.c4 Bb4+ 4.Bd2 Qe7 5.Qc2 Bxd2+ 6.Nbxd2 d6 7.e3 O-O 8.Be2 e5
9.O-O e4 10.Ne1 a5 11.b3 c5 12.Qc3 Nc6 13.Nc2 Nb4 14.Rfe1 Bf5 15.Nxb4 axb4
16.Qb2 Rfd8 17.Nb1 Ra7 18.a3 Rda8 19.a4 Rf8 20.Nd2 h5 21.Rad1 h4 22.f4 exf3
23.Bxf3 Ne4 24.Nxe4 Bxe4 25.Rf1 h3 26.Rde1 hxg2 27.Qxg2 Bxf3 28.Qxf3 b6 29.Qc6 Qd8
30.Rf4 Re7  0-1

[Event "38th Rilton Cup 2008-9"]
[Site "Stockholm SWE"]
[Date "2008.12.31"]
[Round "5"]
[White "Brynell,S"]
[Black "Engqvist,T"]
[Result "1-0"]
[WhiteElo "2447"]
[BlackElo "2363"]

1.d4 Nf6 2.c4 e6 3.Nf3 Bb4+ 4.Bd2 Qe7 5.g3 O-O 6.Bg2 Bxd2+ 7.Qxd2 d6 8.Nc3 e5
9.O-O Re8 10.e4 Bg4 11.Ne1 exd4 12.Qxd4 Nc6 13.Qd2 Qd7 14.f3 Bh3 15.Nc2 Bxg2
16.Kxg2 Ne5 17.Ne3 a6 18.b3 b5 19.Ncd5 Qd8 20.Rac1 bxc4 21.Nxc4 Nxc4 22.Rxc4 Nxd5
23.Qxd5 Re5 24.Qb7 c5 25.Rd1 Re6 26.Rc2 Qc8 27.Qxc8+ Rxc8 28.Rcd2 Rc6 29.e5 Rxe5
30.Rxd6 Rxd6 31.Rxd6 Kf8 32.Kf2 Re6 33.Rxe6 fxe6 34.Ke3 Ke7 35.Ke4 Kd6 36.f4 Kc6
37.Ke5 Kd7 38.g4 Ke7 39.g5 Kd7 40.h4 Ke7 41.h5 Kd7 42.h6 gxh6 43.gxh6 Ke7
44.f5 exf5 45.Kxf5 Kd6 46.Kf6 a5 47.Kg7 Ke7 48.Kxh7 Kf7 49.a4  1-0

[Event "Hilton Schachfestival"]
[Site "Basel SUI"]
[Date "2009.01.01"]
[Round "1"]
[White "Martig,M"]
[Black "Milosevic,Go"]
[Result "0-1"]
[WhiteElo "2103"]
[BlackElo "2402"]

1.d4 Nf6 2.c4 e6 3.Nf3 Bb4+ 4.Bd2 c5 5.Bxb4 cxb4 6.g3 O-O 7.Bg2 d6 8.O-O Nc6
9.Qd3 Re8 10.Nbd2 e5 11.e4 Bg4 12.h3 Bh5 13.a3 bxa3 14.Rxa3 a5 15.Rc1 b6
16.Qe3 Rb8 17.d5 Bxf3 18.Bxf3 Nb4 19.Be2 Nd7 20.f4 exf4 21.gxf4 Qf6 22.Kh1 Nc5
23.Bf3 Qxb2 24.Rcc3 Nc2 25.Rxc2 Qxc2 26.Rc3 Qb2 27.e5 dxe5 28.fxe5 Na4  0-1

[Event "Australian Open"]
[Site "Manly Sydney AUS"]
[Date "2009.01.02"]
[Round "1"]
[White "Bleicher,H"]
[Black "Illingworth,M"]
[Result "0-1"]
[WhiteElo "1840"]
[BlackElo "2250"]

1.d4 Nf6 2.c4 e6 3.Nf3 Bb4+ 4.Bd2 Qe7 5.Nc3 Bxc3 6.Bxc3 Ne4 7.Qc2 Nxc3 8.Qxc3 f5
9.e3 O-O 10.Be2 d6 11.O-O Nd7 12.Rfe1 b6 13.Nd2 Bb7 14.Bf3 Bxf3 15.Nxf3 Nf6
16.Nd2 Qf7 17.f3 Nd7 18.Re2 e5 19.b3 Rae8 20.Rae1 Re7 21.Nf1 Rfe8 22.Qd2 Qf6
23.dxe5 Rxe5 24.f4 R5e7 25.Ng3 g6 26.Qd5+ Kh8 27.Qd4 Kg7 28.Qxf6+ Nxf6 29.h3 d5
30.cxd5 Nxd5 31.Kf2 c6 32.Kf3 Rf8 33.Rc1 Re6 34.Nf1 Rfe8 35.g3 h6 36.g4 Kf6
37.Rce1 Rd8 38.e4 fxe4+ 39.Rxe4 Rxe4 40.Rxe4 Nc3 41.Rc4 Rd3+ 42.Ne3 c5 43.Kf2 Nxa2
44.Ra4 Nb4 45.Rxa7 Rxb3 46.Rb7 Nd3+ 47.Kf3 c4 48.Nd5+ Ke6 49.Ke4 Nc5+ 50.Kd4 Nxb7
51.Kxc4 Na5+ 52.Kd4 Rd3+ 53.Kxd3 Kxd5 54.h4 Nc4 55.h5 gxh5  0-1

[Event "Open A"]
[Site "Gjovik NOR"]
[Date "2009.01.04"]
[Round "6"]
[White "Gandrud,V"]
[Black "Svensen,T"]
[Result "1-0"]
[WhiteElo "2037"]
[BlackElo "2128"]

1.d4 e6 2.c4 Nf6 3.Nf3 Bb4+ 4.Bd2 Qe7 5.g3 b6 6.Bg2 Bb7 7.O-O O-O 8.Qb3 Bxd2
9.Nbxd2 Ne4 10.Rad1 d6 11.Qd3 Nxd2 12.Rxd2 f5 13.Ne1 Bxg2 14.Nxg2 Nd7 15.e4 fxe4
16.Qxe4 e5 17.dxe5 Qxe5 18.Qc6 Qg5 19.Re2 Qg4 20.Re7 Ne5 21.Qd5+ Kh8 22.f4 c6
23.Qe4 Ng6 24.Rc7 Rae8 25.Qxc6 Re2 26.Qxd6 Rfe8 27.Qc6 h5 28.Rxa7 R8e4 29.Qd7 Rxg2+
30.Kxg2 Nh4+ 31.Kg1 Nf5 32.Qd1 Re2 33.Qd3 h4 34.Qf3 Qxf3 35.Rxf3 h3 36.g4 Rg2+
37.Kh1 Rxg4 38.Rxh3+ Kg8 39.Rd3 Rxf4 40.Kg2 Nh4+  1-0

[Event "Australian Open"]
[Site "Manly Sydney AUS"]
[Date "2009.01.10"]
[Round "10"]
[White "Smirnov,Vl1"]
[Black "Illingworth,M"]
[Result "1/2-1/2"]
[WhiteElo "2372"]
[BlackElo "2250"]

1.d4 e6 2.Nf3 Nf6 3.c4 Bb4+ 4.Bd2 Qe7 5.g3 Nc6 6.Bg2 Bxd2+ 7.Nbxd2 d6 8.e4 O-O
9.O-O e5 10.d5 Nb8 11.Ne1 a5 12.Nd3 Na6 13.a3 Bd7 14.b4 axb4 15.axb4 c6 16.Qb3 cxd5
17.cxd5 Bb5 18.Nc4 Nd7 19.Rfc1 Rac8 20.Bh3 g6 21.Ne3 Kg7 22.Nb2 Rc7 23.Rxc7 Nxc7
24.Rc1 Nb6 25.Nbc4 Nxc4 26.Nxc4 Ba6 27.Na3 Nb5 28.Nxb5 Bxb5 29.Qe3 Ra8 30.Bf1 Bxf1
31.Rxf1 Qd8 32.Rc1 Ra2 33.h4 Rb2 34.Qc3 Ra2 35.Qe3 Rb2 36.Qc3 Ra2  1/2-1/2

[Event "6th ch-Mediterranean"]
[Site "Antalya TUR"]
[Date "2009.01.17"]
[Round "9"]
[White "Gelashvili,T"]
[Black "El Gindy,E"]
[Result "1/2-1/2"]
[WhiteElo "2622"]
[BlackElo "2526"]

1.d4 Nf6 2.Nf3 e6 3.c4 Bb4+ 4.Bd2 a5 5.Nc3 b6 6.Bg5 h6 7.Bh4 Bb7 8.Nd2 Bxc3
9.bxc3 d6 10.f3 Nbd7 11.e4 e5 12.Bd3 Nf8 13.Bf2 Ne6 14.g3 Nd7 15.O-O Qf6
16.d5 Nec5 17.Bc2 h5 18.Be3 h4 19.g4 h3 20.Rb1 Nf8 21.Nb3 Nxb3 22.axb3 Ng6
23.b4 O-O 24.c5 bxc5 25.bxc5 Ba6 26.Bd3 Bxd3 27.Qxd3 Nf4 28.Qd2 a4 29.c6 a3
30.Rb7 Rfc8 31.Ba7 Ng2 32.Kf2 g6 33.Ke2 Kg7 34.Ra1 Nf4+ 35.Kd1 Ng2 36.Ke2 Nf4+
37.Kd1 Ng2  1/2-1/2

[Event "TCh-AUT 2nd Bundesliga Ost 2008-9"]
[Site "Austria AUT"]
[Date "2009.01.17"]
[Round "6"]
[White "Galavics,H"]
[Black "Janetschek,K"]
[Result "1/2-1/2"]
[WhiteElo "2017"]
[BlackElo "2267"]

1.d4 e6 2.c4 Nf6 3.Nf3 Bb4+ 4.Bd2 a5 5.g3 b6 6.Bg2 Bb7 7.Nc3 O-O 8.O-O d6
9.Rc1 Nbd7 10.a3 Bxc3 11.Bxc3 Ne4 12.Nd2 Nxc3 13.Rxc3 Bxg2 14.Kxg2 f5 15.e3 Nf6
16.b4 axb4 17.axb4 Ra2 18.Rc2 Qa8+ 19.Kg1 Qa4 20.Rxa2 Qxa2 21.Qc1 h6 22.Rd1 Ra8
23.b5 e5 24.c5 exd4 25.exd4 dxc5 26.dxc5 Rd8 27.cxb6 cxb6 28.Nf3 Rxd1+ 29.Qxd1 Qd5
30.Qxd5+ Nxd5 31.Nh4 f4 32.gxf4 Kf7 33.Kg2 Nc3 34.Nf3 Ke6 35.Nd4+ Kd5 36.Nf5 Nxb5
37.Nxg7 Nd6 38.Kf3 b5 39.Ke3 b4 40.Kd3 b3 41.Kc3  1/2-1/2

[Event "TCh-AUT 2nd Bundesliga West 2008-9"]
[Site "Austria AUT"]
[Date "2009.01.18"]
[Round "8"]
[White "Maiwald,JU"]
[Black "Lickleder,A"]
[Result "1-0"]
[WhiteElo "2508"]
[BlackElo "2244"]

1.d4 Nf6 2.c4 e6 3.Nf3 Bb4+ 4.Bd2 Qe7 5.g3 Nc6 6.Bg2 Bxd2+ 7.Nbxd2 a5 8.Rc1 O-O
9.a3 d6 10.Nf1 e5 11.Ne3 Nxd4 12.Nxd4 exd4 13.Qxd4 c6 14.O-O Rd8 15.Rfd1 Be6
16.Qf4 Rd7 17.Rc2 h6 18.Rd3 Rad8 19.h4 Ne8 20.Nd5 cxd5 21.cxd5 Qf6 22.Qxf6 Nxf6
23.dxe6 fxe6 24.Rb3 d5 25.Rc5 a4 26.Rb6 Re7 27.Bh3 Kf7 28.Rb4 Ne4 29.Rcb5 Nd6
30.Rb6 Rc7 31.Rxa4 Rc2 32.Bg4 Ke7 33.Rd4 g6 34.h5 Rg8 35.Kg2 gxh5 36.Bxh5 Kd7
37.b3 Kc7 38.Rbb4 Rg7 39.Rf4 Ne4 40.Bf3 Nc5 41.Rf6 Rh7 42.Rh4 Kd6 43.b4 Nd7
44.Rfxh6 Rxh6 45.Rxh6 Ra2 46.Bg4 Nf8 47.Rf6  1-0

[Event "ch-CUB"]
[Site "Las Tunas CUB"]
[Date "2009.01.20"]
[Round "1"]
[White "Corrales Jimenez,F"]
[Black "Hernandez Carmenates,Hold"]
[Result "1/2-1/2"]
[WhiteElo "2586"]
[BlackElo "2568"]

1.d4 Nf6 2.c4 e6 3.Nf3 Bb4+ 4.Bd2 Qe7 5.Bxb4 Qxb4+ 6.Qd2 Qxd2+ 7.Nbxd2 b6
8.e3 Bb7 9.Be2 d6 10.O-O c5 11.Rfd1 Nbd7  1/2-1/2

[Event "IMA"]
[Site "Marianske Lazne CZE"]
[Date "2009.01.20"]
[Round "4"]
[White "Jurek,J"]
[Black "Kersten,U"]
[Result "0-1"]
[WhiteElo "2344"]
[BlackElo "2259"]

1.d4 Nf6 2.c4 e6 3.Nf3 Bb4+ 4.Bd2 Qe7 5.Nc3 Bxc3 6.Bxc3 Ne4 7.Rc1 Nxc3 8.Rxc3 d6
9.g3 O-O 10.Bg2 e5 11.O-O Nc6 12.d5 Nb8 13.Qc2 a5 14.c5 Na6 15.cxd6 cxd6
16.Nd2 b5 17.a3 Bd7 18.Qb1 b4 19.Rc2 Bb5 20.Nc4 Bxc4 21.Rxc4 bxa3 22.bxa3 Rab8
23.Qc2 Nc5 24.Rb1 Qa7 25.Be4 Rxb1+ 26.Qxb1 g6 27.Rc1 Rb8 28.Qc2 Rb3 29.Qa2 Qb6
30.Bc2 Rb2 31.Qc4 Qa6 32.Qc3 Qb5 33.e4 Ra2 34.Bb1 Re2 35.Qf3 Kg7 36.Kg2 Qb2
37.Rd1 Nb3 38.Rf1 Nd4 39.Qd3 Rd2 40.Qe3 a4 41.h4 h5 42.g4 Re2 43.Qg3 Rd2
44.gxh5 Ne2 45.h6+ Kxh6 46.Qf3 Nf4+ 47.Kg3 Kg7 48.Qe3 Rd4 49.Kh2 Rc4 50.Qg3 Rc3
51.Qg4 Qxa3 52.f3 Qb2+ 53.Kh1 Qe2 54.Kg1 Rb3 55.Qg3 Rb2 56.Re1 Nh3+ 57.Kh1 Nf2+  0-1

[Event "ch-PriFO"]
[Site "Kazan RUS"]
[Date "2009.01.23"]
[Round "3"]
[White "Ponfilenok,V"]
[Black "Dimukhametov,A"]
[Result "1/2-1/2"]
[WhiteElo "2440"]
[BlackElo "2250"]

1.d4 Nf6 2.Nf3 e6 3.c4 Bb4+ 4.Bd2 Qe7 5.g3 Nc6 6.Nc3 d6 7.Bg2 Bxc3 8.Bxc3 Ne4
9.Rc1 O-O 10.O-O e5 11.d5 Nxc3 12.Rxc3 Nb8 13.Ne1 a5 14.e4 f5 15.exf5 Bxf5
16.f4 exf4 17.gxf4 Na6 18.Nc2 Bxc2 19.Qxc2 Rae8 20.Bh3 Nc5 21.Bf5 g6 22.Bg4 Kg7
23.Rg3 Qf6 24.Kg2 Qd4 25.f5 Qe4+ 26.Qxe4 Nxe4 27.Re3 h5 28.Be2 Nd2 29.Rxe8 Rxe8
30.Rg1 gxf5 31.Bxh5 Re7 32.b3 Kh6 33.Bd1 Rg7+ 34.Kh1 Rxg1+ 35.Kxg1 Kg5 36.Kg2 Ne4
37.Bc2 Nc3 38.a3 Ne2 39.Kf2 Nd4 40.Bd1 f4 41.Ke1 f3 42.Kf2 Kf4 43.b4 axb4
44.axb4 c6 45.dxc6 Nxc6 46.Bxf3 Nxb4 47.Bxb7  1/2-1/2

[Event "ch-PriFO"]
[Site "Kazan RUS"]
[Date "2009.01.24"]
[Round "4"]
[White "Sakharov,L"]
[Black "Vasilov,A"]
[Result "1/2-1/2"]
[WhiteElo "2057"]
[BlackElo "2099"]

1.d4 Nf6 2.c4 e6 3.Nf3 Bb4+ 4.Bd2 c5 5.g3 Qb6 6.Qb3 Nc6 7.dxc5 Bxc5 8.Qxb6 Bxb6
9.Nc3 d5 10.cxd5 exd5 11.Bg2 O-O 12.Na4 Bc7 13.O-O Bg4 14.Rac1 Rfe8 15.h3 Bh5
16.Be3 Bxg3 17.Rfd1 Bc7 18.Nc5 Bb6 19.Nxb7 Rxe3 20.fxe3 Bxe3+ 21.Kf1 Bxc1
22.Rxc1 Bxf3 23.Rxc6 Bxg2+ 24.Kxg2 Kf8 25.Nd6 Ke7 26.Ra6 Ne8 27.Nb5 Kd7 28.a4 Rc8
29.Rxa7+ Ke6 30.Nd4+ Ke5 31.Nf3+ Kf6 32.b4 Rc2 33.Kf2 Nd6 34.Ra6 Ke7 35.b5 Ne4+
36.Ke3 Nc5 37.Rc6 Rc4 38.Nd2 d4+ 39.Kf2 Rc3 40.a5 Na4 41.Ra6 Rc2 42.b6 Nc5
43.Ra7+ Kd6 44.Nf3 d3 45.Rxf7 Rxe2+ 46.Kf1 Ra2 47.Rxg7 Rxa5 48.Rxh7 Rb5 49.Nd2 Kd5  1/2-1/2

[Event "TCh-HUN 2008-9"]
[Site "Budapest HUN"]
[Date "2009.01.25"]
[Round "6"]
[White "Seres,L"]
[Black "Jakab,A"]
[Result "1/2-1/2"]
[WhiteElo "2458"]
[BlackElo "2417"]

1.d4 Nf6 2.c4 e6 3.Nf3 Bb4+ 4.Bd2 Qe7 5.g3 Nc6 6.Nc3 Bxc3 7.Bxc3 Ne4 8.Rc1 d6
9.d5 Nxc3 10.Rxc3 Nb8 11.dxe6 fxe6 12.Bg2 O-O 13.O-O a5 14.Nd4 Na6 15.Ra3 Nb4
16.Qd2 c6 17.Rd1 Qc7 18.Rf3 Bd7 19.a3 Na6 20.Nb3 a4 21.Nc1 d5 22.Rxf8+ Rxf8
23.e4 Kh8 24.exd5 cxd5 25.cxd5 exd5 26.Qxd5 Bc6 27.Qd6 Qf7 28.f4 Bxg2 29.Kxg2 Nb8
30.Nd3 Nc6 31.Ne5 Nxe5 32.Qxe5 h6 33.Rd2 Qg6 34.Qd4 b5 35.Re2 Rc8 36.Qd5 Qa6
37.Rd2 Re8 38.Qf3 Qa5 39.Qd5 Qb6 40.h4 Qe3 41.Kh3 Rc8 42.Qf5 Qxd2 43.Qxc8+ Kh7
44.Qf5+ Kh8 45.Qxb5 Qc2 46.h5 Qd1 47.Qe8+ Kh7 48.Qe4+ Kh8 49.Kh4 Qd8+ 50.Kg4 Qd1+
51.Qf3 Qc2 52.f5 Qxb2 53.Qa8+ Kh7 54.Qxa4 Qe2+ 55.Kf4 Qf2+ 56.Ke4 Qxg3 57.Qa6 Qe1+
58.Kd5 Qd1+ 59.Ke5 Qe1+ 60.Kd6 Qd2+ 61.Ke7 Qc3 62.Qd6 Qc2 63.Qg6+ Kh8 64.Qe8+ Kh7
65.Qg6+ Kh8 66.Qe6 Kh7 67.f6 Qc7+ 68.Ke8 Qb8+ 69.Kf7 Qc7+ 70.Kf8 Qd8+ 71.Kf7 Qc7+
72.Kf8 Qd8+ 73.Kf7  1/2-1/2